Gaceta de bellas artes (Record no. 907)

MARC details
000 -LEADER
campo de control de longitud fija 01137nas a2200325 i 4500
001 - NÚMERO DE CONTROL
campo de control 907
003 - IDENTIFICADOR DE NÚMERO DE CONTROL
campo de control ES-MaACL
005 - FECHA Y HORA DE LA ÚLTIMA TRANSACCIÓN
campo de control 20250908233559.0
007 - CAMPO FIJO DE DESCRIPCIÓN FÍSICA--INFORMACIÓN GENERAL
campo de control de longitud fija t|
008 - DATOS DE LONGITUD FIJA--INFORMACIÓN GENERAL
campo de control de longitud fija 950801d19101995sp m|yp | ||pa d
022 ## - NÚMERO INTERNACIONAL NORMALIZADO PARA PUBLICACIONES SERIADAS
Número Internacional Normalizado para Publicaciones Seriadas 1135-4453
080 ## - NÚMERO DE LA CLASIFICACIÓN DECIMAL UNIVERSAL
Número de la Clasificación Decimal Universal 7
245 00 - MENCIÓN DEL TÍTULO
Título Gaceta de bellas artes
Resto del título : revista quincenal ilustrada : órgano de la Asociación de Pintores y Escultores.
246 3# - FORMA VARIANTE DEL TITULO
Título propio/Titulo breve Bellas artes
260 ## - PUBLICACIÓN, DISTRIBUCIÓN, ETC.
Lugar de publicación, distribución, etc. Madrid :
Nombre del editor, distribuidor, etc. Asociación de Pintores y Escultores,
Fecha de publicación, distribución, etc. [1910-1995]
300 ## - DESCRIPCIÓN FÍSICA
Extensión 14 v. :
Otras características físicas il. ;
Dimensiones 31 cm.
310 ## - PERIODICIDAD ACTUAL
Periodicidad actual Mensual
321 ## - PERIODICIDAD ANTERIOR
Periodicidad anterior Semanal,
Fechas de la periodicidad anterior 1909-31
362 1# - FECHAS DE PUBLICACIÓN Y/O DESIGNACIÓN SECUENCIAL
Fecha de publicación y/o designación secuencial Año 1 (1910)-año 12, n. 164 (15 marzo 1921)
500 ## - NOTA GENERAL
Nota general No se publicó enero-abril de 1931.
550 ## - NOTA DE ENTIDAD RESPONSABLE
Nota de entidad responsable Posteriormente el editor se denomina: Asociación Española de Pintores y Escultores.
650 17 - PUNTO DE ACCESO ADICIONAL DE MATERIA--TÉRMINO DE MATERIA
Término de materia o nombre geográfico como elemento de entrada Arte
Fuente del encabezamiento o término embne
9 (RLIN) 10068
700 1# - ENTRADA AGREGADA--NOMBRE PERSONAL
Nombre de persona Moisés, Julio,
Fechas asociadas al nombre 1888-1968
9 (RLIN) 174417
700 1# - ENTRADA AGREGADA--NOMBRE PERSONAL
Nombre de persona Estévez-Ortega, Enrique.
9 (RLIN) 48167
710 2# - ENTRADA AGREGADA--NOMBRE DE ENTIDAD CORPORATIVA
Nombre de entidad corporativa o nombre de jurisdicción como elemento de entrada Asociación de Pintores y Escultores
9 (RLIN) 1626
710 2# - ENTRADA AGREGADA--NOMBRE DE ENTIDAD CORPORATIVA
Nombre de entidad corporativa o nombre de jurisdicción como elemento de entrada Asociación Española de Pintores y Escultores
9 (RLIN) 159499
852 ## - LOCALIZACIÓN
Ubicación ES-MaACL
Número de control de estantería Hem-481
866 #0 - MENCIÓN TEXTUAL DE FONDOS--UNIDAD BIBLIOGRÁFICA BÁSICA
Fondos 1923-35(1936).
Holdings
Estatus retirado Estado de pérdida Estado de daño No para préstamo Colección Biblioteca de origen Biblioteca actual Ubicación en estantería Fecha de adquisición Fuente de adquisición Total de préstamos Signatura topográfica completa Código de barras Visto por última vez Precio de reemplazo Tipo de ítem Koha
        Periódicos y Revistas Biblioteca del Ateneo de Madrid Biblioteca del Ateneo de Madrid Depósito 1 17/01/2008     Hem-481 1000923 23/02/2023 23/02/2023 Revista